Russkije pevcy /

Uložené v:
Podrobná bibliografia
Hlavný autor: L´vov, Michail L´vovič, 1887-1957 (Author)
Médium: Kniha
Jazyk:Russian
Vydané: Moskva : Muzyka, 1965.
Fyzický popis: 263 strán.
Tagy: Pridať tag
Žiadne tagy, Buďte prvý kto otaguje tento záznam!

MARC

LEADER 00000nam a22000002i 4500
001 000644521
005 20210119151825.0
008 200825s1965 ru e 000 0 rus d
020 |c Kčs 10,00  |q (viazané) 
040 |a SVKKK  |b slo  |c SVKKK  |e rda 
100 1 |a L´vov, Michail L´vovič,  |d 1887-1957  |4 aut 
245 1 0 |a Russkije pevcy /  |c Michail L´vovič L´vov. 
264 1 |a Moskva :  |b Muzyka,  |c 1965. 
300 |a 263 strán. 
336 |a text  |b txt  |2 rdacontent 
337 |a bez média  |b n  |2 rdamedia 
338 |a zväzok  |b nc  |2 rdacarrier 
500 |a Záznam revízie 
910 |a svkkk 
998 |a BK 
090 |g SCKHL  |k Sklad Pribinova 2. posch.  |a III.91827  |j 355761  |i 2720745468  |4 Zastaraná  |s Vyradená